The Boys (la série TV) en 20 citations - Statistiques

Statistiques générales
  • Ce quiz a été pris 271 fois
  • Le résultat moyen est 12 sur 20
Statistiques - réponses
Hint Réponse % Correct
"Non, non, non. Pas de Dieu. Le seul homme dans le ciel, c'est moi." Le Protecteur
89%
"Je ne fais pas d'erreurs. Je ne suis pas comme le reste d'entre vous. Je suis plus fort. Je suis plus intelligent. Je suis meilleur. Je suis meilleur." Le Protecteur
84%
"Les gens aiment ce que j'ai à dire. Ils y croient. Ils n'aiment juste pas le mot « nazi », c'est tout." Stormfront
80%
"C'est mon corps. J'ai le droit de choisir combien j'en montre" Starlight
79%
"Vous devriez remercier le Christ que je suis qui je suis, car vous avez besoin de moi. Vous avez besoin de moi pour vous sauver. C'est vrai. Je suis le seul qui le peut éventuellement. Vous n'êtes pas les vrais héros. Je suis le vrai héros." Le Protecteur
78%
"Soulever l'avion ? Comment ? Il n'y a rien sur quoi se tenir, c'est du putain d'air" Le Protecteur
77%
"C'est un sacré bordel, mec. On a un terroriste Sup, Rayner a fait sauter sa cartouche et on est les bâtards les plus recherchés du pays. Mais ne t'inquiète pas. Papa est là." Billy Butcher
74%
"Tu racontes à qui que ce soit ce que tu as vu ou entendu ici aujourd'hui, et je te coupe les mains et je les enfonce tellement profondément dans ton cul que tes doigts nous feront un petit signe depuis ta gorge, ouais ?" Billy Butcher
73%
"Tu sais, j'ai réussi à passer toute ma vie sans voir quelqu'un mourir horriblement, et maintenant j'en suis à une demi-douzaine, alors je pense que ça va." Hughie Campbell
71%
"Nous n'avons pas besoin d'une put*** de race supérieure. Je suis la race supérieure" Le Protecteur
67%
"Parfois, il est difficile d'être supérieur à chaque autre personne sur la planète. C'est isolant. Et les dieux ne devraient pas ressentir ce genre de douleur. Parce que c'est ce que nous sommes. Toi et moi. Nous sommes des dieux." Le Protecteur
63%
"Avec un grand pouvoir vient la certitude absolue que vous finirez par devenir un vrai b*****d." Billy Butcher
62%
"Espérions-nous une fin heureuse ? Désolé, Hughie. Ce n'est pas ce genre de salon de massage." Billy Butcher
57%
"Je ne veux pas être impoli, mais pouvons-nous passer directement à la partie où tu me fais exploser le cerveau avec un laser ?" Billy Butcher
53%
"Hamburger avec un beignet comme pain ? Vraiment, il n'y a pas de Dieu ici." Le Français
48%
"Ne jamais aller dans des eaux infestées de requins sans appâts" Billy Butcher
46%
"Je ne te laisse pas vivre. Je te garde en vie." Le Protecteur
44%
"Qu'as-tu à perdre que tu n'aies pas déjà perdu ?" Billy Butcher
39%
"En règle générale, je ne sors pas souvent après un massacre sanglant." Hughie Campbell
21%
"Ouais. Tu sais, ça a son charme. Les rats sont comme des Pokémon. Avec l'hépatite C." Hughie Campbell
17%
Aucun quiz correspondant
Distribution des résultats
% des personnes avec chaque résultat
Percentile par nombre de réponses
Votre historique - résultats
Vous n’avez pas pris ce quiz